01116nac a22003011i 4500003000900000005001700009008004100026020001500067020001800082040004300100043001200143082002000155100003700175245008400212264005200296300004600348336002600394337002800420338002700448490003400475504005200509600005100561650004000612655001700652942001200669999001500681952011800696EG-ScBUE20250708083320.0250702s1996 enka f b 001 0beng d a052156672X a9780521566728 aEG-ScBUEbengerdacEG-ScBUEdEG-ScBUE ae-fr---04a540.92bDON2221 aDonovan, Arthur,d1938-eauthor.10aAntoine Lavoisier :bscience, administration, and revolution /cArthur Donovan. 1aCambridge :bCambridge University Press,c1996. axvi, 351 pages :billustrations ;c24 cm. 2rdacontentatextbtxt aunmediated2rdamediabn avolumebnc2rdacarrier0 aCambridge science biographies aIncludes bibliographical references and index. 17aLavoisier, Antoine Laurent,d1743-1794.2BUEsh 7aChemistszFrancexBiography.2BUEsh vReading book cBB2ddc c5468d5468 00102ddc40708BaccahaMAINbMAINc1STd2007-10-29ePurchasel0o540.92 DONp000006720r2025-07-15 00:00:00yBB